Stanovisko Strany zelených

Bibliographic Details
Main Author: Makatúra, Ivan (Author)
Format: Article
Language:Slovak
PhysicalDescription:Fotogr. 1
Subjects:

MARC

LEADER 00000nab a2200000 a 4500
001 vtls000481061
003 SK-MaSNL
005 20260304235952.0
008 120927c1993 xo 0 slo
015 |a SNBRB19rr/mm-uuuuu 
035 |a CL0481196 
040 |a SNKBUCL  |b slo  |c SNKBUCL  |e AACR2 
041 0 |a slo 
044 |a xo  |c SK 
080 |a 621.039.58  |2 1981 
100 1 |a Makatúra, Ivan  |4 aut  |9 364853 
245 1 0 |a Stanovisko Strany zelených  |c Ivan Makatúra 
300 |b Fotogr. 1 
650 0 7 |a jadrová energetika  |2 snkbucl  |9 59350 
650 0 7 |a jadrová bezpečnosť  |2 snkbucl  |9 68262 
655 7 |a články z novín a časopisov  |2 snkbucl  |9 267496 
773 0 |t Technické noviny  |g Roč. 41, č. 7 (1993), s. 5 
850 |a Slovenská národná knižnica v Martine  |a MTA001 
852 |a SNK  |b KIS3GCP 
958 |a RK 
992 |a RBX 
999 |c 3211541  |d 3213471